000 02039cac a2200361 a 4500
003 CO-PeBPM
005 20260422135356.0
007 ta
008 141031s2010 sp a 0 gpa d s spa d
020 _a9788496957787
040 _aCO-PeBPM
_erda
_bspa
_cCO-PeBPM
041 _aspa
082 0 4 _a590 G
_222
100 1 _aGutiérrez, Xulio
_eautor
_9138841
245 1 0 _aConstructores
_c/ Xulio Gutiérrez ; ilustraciones Nicolás Fernández ; traducción Chema Heras
250 _aPrimera edición
264 1 _aSevilla, España
_b: Faktoría K de Libros
_c, 2010
300 _a31 páginas
_bilustraciones a color
_c35 cm
336 _atexto
_btxt
_2rdacontent
337 _asin mediación
_bn
_2rdamedia
338 _avolumen
_bnc
_2rdacarrier
490 _aAnimales extraordinarios
500 _aIncluye glosario
520 _aHay aves que construyen nidos sorprendentes por su intrincada arquitectura, mamíferos que excavan complejas viviendas subterráneas, insectos minúsculos que levantan edificios enormes y arañas que tejen elaboradas estructuras de caza. Todos son expertos constructores que sobreviven gracias a su habilidad... Un libro instructivo, ameno, bien estructurado y de gran atractivo visual, que comienza situando al lector ante los diversos grupos del reino animal, con ejemplos de cada uno. Por tierra, agua y aire, de norte a sur, por todos los continentes, selecciona una serie de animales y ofrece un volumen de información bien dosificada sobre sus características, localización y costumbres, centrándose en su forma de acomodarse al habitat, esto es, de construir su hogar. Fuente: http://bit.ly/SW2xFV
586 _aPremio Ánxel Gasal Mellor Libro Non Ficción 2010
650 1 7 _aAnimales
_xHábitos y conducta
_2ARMARC
_9184
650 1 7 _aVivienda de animales
_2ARMARC
_9138842
650 1 7 _aAlojamiento animal
_2ARMARC
_91575
650 1 7 _aHábitat (ecología)
_2LEMB
700 1 _aFernández, Nicolás
_eilustrador
_9138843
700 1 _aChema, Heras
_etraductor
_9138844
942 _2ddc
_cBK
_n0
999 _c107332
_d107332